II научные чтения, посвященные памяти академиков И.А. Батманова, К.К. Юдахина, Б.М. Юнусалиева, 18-19 окт. 1983 (Запись № 11106351)

Подробности
000 -МАРКЕР
контрольное поле 02022nam0a2200349 4500
001 - ИДЕНТИФИКАТОР ЗАПИСИ
контрольное поле RU\NLR\BIBL_A\011943673
005 - ИДЕНТИФИКАТОР ВЕРСИИ
контрольное поле 20260407092733.0
035 ## - ДРУГИЕ СИСТЕМНЫЕ НОМЕРА
Идентификатор записи (NLR Aleph) 011943673
100 ## - ДАННЫЕ ОБЩЕЙ ОБРАБОТКИ
Данные общей обработки 20190221d1983 |||y0rusy50 ca
101 0# - ЯЗЫК РЕСУРСА
Язык текста, звукозаписи и т.д. русский
102 ## - СТРАНА ПУБЛИКАЦИИ ИЛИ ПРОИЗВОДСТВА
Страна публикации Российская Федерация
105 ## - ПОЛЕ КОДИРОВАННЫХ ДАННЫХ: ТЕКСТОВЫЕ МАТЕРИАЛЫ, МОНОГРАФИЧЕСКИЕ
Кодированные данные о монографическом текстовом документе y z 100zy
200 1# - ЗАГЛАВИЕ И СВЕДЕНИЯ ОБ ОТВЕТСТВЕННОСТИ
Основное заглавие II научные чтения, посвященные памяти академиков И.А. Батманова, К.К. Юдахина, Б.М. Юнусалиева, 18-19 окт. 1983
Сведения, относящиеся к заглавию (тезисы докладов и сообщений)
Первые сведения об ответственности АН КиргССР, Институт яз. и лит., Кирг. гос. ун-т им. 50-летия СССР, Кафедра кирг. языкознания
210 ## - ПУБЛИКАЦИЯ, РАСПРОСТРАНЕНИЕ И ДР.
Место издания, распространения и т.д. Фрунзе
Имя издателя, распространителя и т. д. Илим
Дата издания, распространения и т.д. 1983
215 ## - ФИЗИЧЕСКАЯ ХАРАКТЕРИСТИКА
Специфическое обозначение материала и объем 67 с.
Размеры 20
600 #1 - ИМЯ ЛИЦА КАК ПРЕДМЕТ
Начальный элемент ввода Юнусалиев
Часть имени, кроме начального элемента ввода Б.М.
Даты 1913 - 1970
Расширение инициалов личного имени Болот Муражалиевич
Системный номер авторитетной/нормативной записи 2017736
Идентификатор авторитетной/нормативной записи RU\NLR\AUTH\661213298
606 1# - НАИМЕНОВАНИЕ ТЕМЫ КАК ПРЕДМЕТ
Наименование темы Киргизский язык
Формальный подзаголовок Сборники
Системный номер авторитетной/нормативной записи 1323837
Идентификатор авторитетной/нормативной записи RU\NLR\AUTH\66550086
606 1# - НАИМЕНОВАНИЕ ТЕМЫ КАК ПРЕДМЕТ
Наименование темы Тюркские языки
Формальный подзаголовок Сборники
Системный номер авторитетной/нормативной записи 928004
Идентификатор авторитетной/нормативной записи RU\NLR\AUTH\6622637
686 1# - ИНДЕКСЫ ДРУГИХ КЛАССИФИКАЦИЙ
Индекс Ш163.25я434
686 1# - ИНДЕКСЫ ДРУГИХ КЛАССИФИКАЦИЙ
Индекс Ш163я434
686 1# - ИНДЕКСЫ ДРУГИХ КЛАССИФИКАЦИЙ
Индекс Ш1г(2=Ки)7дЮнусалиев
702 #1 - ИМЯ ЛИЦА - ВТОРИЧНАЯ ОТВЕТСТВЕННОСТЬ
Код отношения Прочие
Графика поля Кириллица
Материалы, к которым относится поле rus
Начальный элемент ввода Батманов
Часть имени, кроме начального элемента ввода И. А.
Даты 1906-1969
Расширение инициалов личного имени Игорь Алексеевич
Системный номер авторитетной/нормативной записи 202027
Идентификатор авторитетной/нормативной записи RU\NLR\AUTH\770202078
702 #1 - ИМЯ ЛИЦА - ВТОРИЧНАЯ ОТВЕТСТВЕННОСТЬ
Начальный элемент ввода Юдахин
Часть имени, кроме начального элемента ввода К. К.
Даты 1890-1975
Расширение инициалов личного имени Константин Кузьмич
Код отношения Прочие
702 #1 - ИМЯ ЛИЦА - ВТОРИЧНАЯ ОТВЕТСТВЕННОСТЬ
Код отношения Прочие
Графика поля Кириллица
Материалы, к которым относится поле rus
Начальный элемент ввода Юнусалиев
Часть имени, кроме начального элемента ввода Б. М.
Даты 1913-1970
Расширение инициалов личного имени Болот Мураталиевич
Системный номер авторитетной/нормативной записи 208607
Идентификатор авторитетной/нормативной записи RU\NLR\AUTH\770208661
710 12 - НАИМЕНОВАНИЕ ОРГАНИЗАЦИИ - ПЕРВИЧНАЯ ОТВЕТСТВЕННОСТЬ
Начальный элемент ввода Научные чтения, посвященные памяти И. А. Батманова, К. К. Юдахина, Б. М. Юнусалиева
Порядковый номер временной организации и / или порядковый номер ее части 2
Дата проведения временной организации 1983
Место проведения временной организации Фрунзе
Идентификатор авторитетной/нормативной записи RU\NLR\AUTH\8810050671
Системный номер авторитетной/нормативной записи 601495
852 ## - МЕСТОНАХОЖДЕНИЕ И ШИФР ХРАНЕНИЯ
Идентификатор организации NLR
Шифр хранения (Call Number) 84-4/14410
942 ## - ДОПОЛНИТЕЛЬНЫЕ ЭЛЕМЕНТЫ ЗАПИСИ (АБИС)
Тип экземпляра АБИС Книга
980 ## - КОЛЛЕКЦИЯ
Название коллекции Национальная библиография

Нет доступных экземпляров.